000 00721nam a22002295i 4500
001 175958
003 ES-MaACL
005 20230906215943.0
008 101202s1975 sp f |||| | spa d
020 _a84-387-0012-8
080 _a929 Chopin, Fryderyk
080 _a78 Chopin, Fryderyk
100 1 _aRuiz Tarazona, Andrés.
_9100932
245 1 0 _aFederico Chopin
_b: un clásico del sentimiento /
_cAndrés Ruiz Tarazona.
260 _aMadrid :
_bReal Musical,
_cD. L. 1975.
300 _a77, [4] p. de lám. bl. y n. ;
_c16 cm.
490 1 _aMúsicos ;
_v11
600 0 4 _aChopin, Fryderyk.
_9144154
830 0 _aMúsicos ;
_v11
_9189862
852 _aES-MaACL
_j2268-F-11
_xOlim P-102
999 _c175958
_d175958